000 00457nam a2200157Ia 4500
008 220204s9999 xx 000 0 und d
020 _a9832088038
082 _aNR:62:678.06:685.4
_bMRB;1
245 0 _aTechnical requirements for standars malaysian glove (SMG)
250 _aEd.2
260 _aKuala Lumpur
_bMalaysian Rubber Board
_c1999
490 _aSMG Publication.2
650 _aNatural rubber products
650 _aProtein analysis
942 _cBK
999 _c43997
_d43997